Water supply and waste disposal (Record no. 24106)

000 -LEADER
fixed length control field 00623nam a22002297a 4500
001 - CONTROL NUMBER
control field 24106
003 - CONTROL NUMBER IDENTIFIER
control field BD-DhUET
008 - FIXED-LENGTH DATA ELEMENTS--GENERAL INFORMATION
fixed length control field 150223b1963xxu||||| |||| 00| 0 eng d
040 ## - CATALOGING SOURCE
Original cataloging agency DLC
Transcribing agency DLC
Modifying agency BD-DhUET
082 ## - DEWEY DECIMAL CLASSIFICATION NUMBER
Classification number 628
Item number HAR/1963
100 ## - MAIN ENTRY--PERSONAL NAME
Personal name Hardenbergh, W. A.
245 ## - TITLE STATEMENT
Title Water supply and waste disposal
250 ## - EDITION STATEMENT
Edition statement 1st ed.
260 ## - PUBLICATION, DISTRIBUTION, ETC. (IMPRINT)
Place of publication, distribution, etc. Pennsylvania
Name of publisher, distributor, etc. International textbook
Date of publication, distribution, etc. 1963
300 ## - PHYSICAL DESCRIPTION
Extent xiii, 513 P.
Other physical details ill.
Dimensions 24 cm.
490 ## - SERIES STATEMENT
Series statement International textbooks in civil engineering
500 ## - GENERAL NOTE
General note

504 ## - BIBLIOGRAPHY, ETC. NOTE
Bibliography, etc
650 #0 - SUBJECT ADDED ENTRY--TOPICAL TERM
Topical term or geographic name as entry element Sanitary engineering
700 ## - ADDED ENTRY--PERSONAL NAME
Personal name Rodie, Edward R.
942 ## - ADDED ENTRY ELEMENTS (KOHA)
Koha item type General Book
Holdings
Sublocation or collection (holding branch) Shelving location Price effective from Koha normalized classification for sorting Koha item type Copy number Not for loan Lost status Source of classification or shelving scheme Location (home branch) Date acquired Withdrawn status Piece designation (barcode) Koha date last seen Koha full call number Damaged status
Central Library, BUETCirculation section2015-05-06628_000000000000000_HAR_1963General Book1   Central Library, BUET2015-05-06 15862015-05-06628/HAR/1963 
Central Library, BUETCirculation section2015-05-06628_000000000000000_HAR_1963General Book2   Central Library, BUET2015-05-06 190472015-05-06628/HAR/1963 
Central Library, BUETReading section2015-06-30628_000000000000000_HAR_1963Reading Item3   Central Library, BUET2015-06-30 15872015-06-30628/HAR/1963